Beyond the bottom line: How business leaders are turning principles into profits

Spremljeno u:
Bibliografski detalji
Glavni autor: Tad Tuleja
Format: Knjiga
Jezik:Undetermined
Izdano: New York Penguin Book 1985
Teme:
Oznake: Dodaj oznaku
Bez oznaka, Budi prvi tko označuje ovaj zapis!
Thư viện lưu trữ: Trung tâm Học liệu Trường Đại học Cần Thơ
LEADER 00539nam a2200193Ia 4500
001 CTU_84957
008 210402s9999 xx 000 0 und d
082 |a 174 
082 |b T917 
100 |a Tad Tuleja 
245 0 |a Beyond the bottom line: 
245 0 |b How business leaders are turning principles into profits 
245 0 |c Tad Tuleja 
260 |a New York 
260 |b Penguin Book 
260 |c 1985 
650 |a business ethics,industries 
650 |z united state 
980 |a Trung tâm Học liệu Trường Đại học Cần Thơ